| 000 | 00800cab a2200241 4500 | ||
|---|---|---|---|
| 001 | ABS58739 | ||
| 008 | 090401t1998 xxu||||| |||| 00| 0 eng d | ||
| 035 | _a(Sirsi) u86480 | ||
| 041 | _aeng | ||
| 100 | _aLewison, K. | ||
| 245 | _aWritten word is mightier than the spoken word | ||
| 260 | _c1998 | ||
| 350 | _a0 | ||
| 490 |
_aProperty Week _v63(5) 15 May 1998, 36(1) |
||
| 520 | _aExplains why a landlord must put in writing his refusal to allow a tenant to sublet. Considers the case in "Footwear Corporation v Amplight Properties". | ||
| 650 | _aFOOTWEAR CORPORATION V AMPLIGHT PROPERTIES | ||
| 650 | _aLANDLORD AND TENANT ACT 1988 | ||
| 650 | _aLANDLORDS CONSENT | ||
| 650 | _aSUB-LETTING | ||
| 690 | _aLANDLORD AND TENANT-BUSINESS TENANCIES | ||
| 942 | _n0 | ||
| 948 | _c29/05/1998 | ||
| 999 |
_c54437 _d54437 |
||